[Event "SAV Torgelow-SK Langen"]
[Site "?"]
[Date "2010.12.28"]
[Round "3.1"]
[White "Reinecke, Katharina"]
[Black "Wulf, Constanze"]
[Result "1/2-1/2"]
[WhiteElo "860"]
[BlackElo "1238"]
[PlyCount "27"]
[EventDate "2010.??.??"]
[WhiteTeam "SK Langen"]
[BlackTeam "SAV Torgelow"]

1. e4 c5 2. Nc3 e6 3. f4 Nc6 4. Nf3 Qc7 5. d3 a6 6. Be3 d6 7. Qd2 Nge7 8. d4
cxd4 9. Nxd4 b5 10. a3 Bb7 11. b4 g6 12. g3 Bg7 13. Nxc6 Bxc6 14. Bd4 1/2-1/2

[Event "SAV Torgelow-SK Langen"]
[Site "?"]
[Date "2010.12.28"]
[Round "3.2"]
[White "Schünemann, Anne"]
[Black "Flach, Helene"]
[Result "1-0"]
[WhiteElo "1068"]
[BlackElo "760"]
[PlyCount "35"]
[EventDate "2010.??.??"]
[WhiteTeam "SAV Torgelow"]
[BlackTeam "SK Langen"]

1. e4 e5 2. Nf3 Nc6 3. d4 Bd6 4. Nc3 Nf6 5. Bg5 h6 6. Bh4 g5 7. Bg3 Qe7 8. Bc4
b6 9. O-O Bb7 10. Re1 O-O-O 11. d5 Nb4 12. a3 Na6 13. Qe2 g4 14. Nh4 Nb8 15.
Nf5 Qf8 16. Nxd6+ Qxd6 17. Nb5 Qf8 18. Nxa7# 1-0

[Event "SAV Torgelow-SK Langen"]
[Site "?"]
[Date "2010.12.28"]
[Round "3.3"]
[White "Kolchugina, Lada"]
[Black "Schrötter, Luisa"]
[Result "0-1"]
[WhiteElo "749"]
[BlackElo "1132"]
[PlyCount "96"]
[EventDate "2010.??.??"]
[WhiteTeam "SK Langen"]
[BlackTeam "SAV Torgelow"]

1. e4 c6 2. Nc3 d5 3. d3 Nf6 4. exd5 cxd5 5. d4 Nc6 6. Nf3 Bg4 7. Be2 e6 8. Nb5
Bxf3 9. Bxf3 Qa5+ 10. Nc3 Bb4 11. Bd2 O-O 12. O-O Rfc8 13. a3 Bxc3 14. Bxc3 Qb6
15. a4 a5 16. b4 axb4 17. Rb1 Qa5 18. Bd2 Qxa4 19. c3 Qxd1 20. Rfxd1 bxc3 21.
Bxc3 Rab8 22. Rb6 Nd7 23. Rbb1 b6 24. Bg4 Re8 25. Re1 b5 26. Be2 b4 27. Ba6 Rb6
28. Rb2 Nxd4 29. Bd3 Rbb8 30. Reb1 Nc5 31. Bf1 b3 32. Rc1 Na4 33. Rbb1 b2 34.
Bxb2 Nxb2 35. Rxb2 Rxb2 36. h3 Ne2+ 37. Bxe2 Rxe2 38. g3 d4 39. Rd1 Rd8 40. h4
d3 41. Kf1 Rc2 42. Ke1 d2+ 43. Rxd2 Rdxd2 44. Kf1 Rc8 45. Kg2 Rcc2 46. Kh3 Rxf2
47. Kg4 f5+ 48. Kh3 Rh2# 0-1

[Event "SAV Torgelow-SK Langen"]
[Site "?"]
[Date "2010.12.28"]
[Round "3.4"]
[White "Rais, Vanessa"]
[Black "Rupp, Nicole"]
[Result "1-0"]
[WhiteElo "881"]
[BlackElo "790"]
[PlyCount "63"]
[EventDate "2010.??.??"]
[WhiteTeam "SAV Torgelow"]
[BlackTeam "SK Langen"]

1. e4 e5 2. Nf3 Nc6 3. Bc4 Bc5 4. c3 Nf6 5. d4 exd4 6. cxd4 Bb4+ 7. Nc3 Bxc3+
8. bxc3 Nxe4 9. Qe2 Qe7 10. Bb2 O-O 11. O-O Re8 12. Bd3 d5 13. Rfe1 Bf5 14. c4
dxc4 15. Bxc4 Nd6 16. Qf1 Qf6 17. Bb3 Rad8 18. Bc1 Nxd4 19. Bg5 Nxf3+ 20. Kh1
Nxg5 21. Rec1 c6 22. f3 Be6 23. h4 Nxf3 24. gxf3 Bxb3 25. axb3 Nf5 26. Qf2 Rd3
27. Re1 Rxe1+ 28. Rxe1 h6 29. b4 Nxh4 30. f4 Rh3+ 31. Kg1 Rh1+ 32. Kxh1 1-0

[Event "SF Heilbronn-Biberach-SG Porz"]
[Site "?"]
[Date "2010.12.28"]
[Round "3.1"]
[White "Reksten, Anne"]
[Black "Weber, Sandra"]
[Result "1/2-1/2"]
[WhiteElo "1341"]
[BlackElo "1575"]
[PlyCount "43"]
[EventDate "2010.??.??"]
[WhiteTeam "SG Porz"]
[BlackTeam "SF Heilbronn-Biberach"]

1. c4 e5 2. g3 Nf6 3. Bg2 c6 4. d4 Bb4+ 5. Bd2 Bxd2+ 6. Qxd2 exd4 7. Qxd4 O-O
8. Nc3 Na6 9. a3 Nc7 10. Rd1 Ne6 11. Qd2 a6 12. e3 b6 13. Nf3 b5 14. cxb5 axb5
15. Nd4 Nxd4 16. Qxd4 d5 17. O-O Bf5 18. Rfe1 Re8 19. Qc5 Qc8 20. Rc1 Nd7 21.
Qd4 Qd8 22. Ne2 1/2-1/2

[Event "SF Heilbronn-Biberach-SG Porz"]
[Site "?"]
[Date "2010.12.28"]
[Round "3.2"]
[White "Triantafillidis, Zoe"]
[Black "Gadschisade, Natawan"]
[Result "1-0"]
[WhiteElo "1278"]
[BlackElo "1179"]
[PlyCount "71"]
[EventDate "2010.??.??"]
[WhiteTeam "SF Heilbronn-Biberach"]
[BlackTeam "SG Porz"]

1. e4 {[%emt 0:00:00]} e5 2. Nf3 Nc6 3. Nc3 Nf6 4. d4 exd4 5. Nxd4 Nxd4 6. Qxd4
d6 7. Bf4 Be6 8. O-O-O Be7 9. Bc4 Qd7 10. f3 Bxc4 11. Qxc4 O-O-O 12. Qxf7 Rhg8
13. Qc4 g5 14. Bg3 Nh5 15. e5 Rg6 16. exd6 Bxd6 17. Bxd6 Rxd6 18. Rxd6 Qxd6 19.
Qg4+ Kb8 20. Qxh5 Qe7 21. f4 gxf4 22. Qe2 Qg5 23. Qf3 a6 24. Rd1 Re8 25. b3 Re3
26. Rd5 Qh4 27. g3 Qxh2 28. Rd8+ Ka7 29. Qxf4 Rxg3 30. Qd4+ b6 31. Rd7 Rg1+ 32.
Kb2 h5 33. Nd5 Kb8 34. Qh8+ Kb7 35. Qf6 Kc8 36. Rxc7+ 1-0

[Event "SF Heilbronn-Biberach-SG Porz"]
[Site "?"]
[Date "2010.12.28"]
[Round "3.3"]
[White "Lütje, Melanie"]
[Black "Triantafillidis, Katherina"]
[Result "0-1"]
[WhiteElo "911"]
[BlackElo "1239"]
[PlyCount "80"]
[EventDate "2010.??.??"]
[WhiteTeam "SG Porz"]
[BlackTeam "SF Heilbronn-Biberach"]

1. e4 e5 2. Nf3 Nc6 3. Bc4 Bc5 4. d3 d6 5. Be3 Bb4+ 6. Nc3 Bg4 7. h3 Bh5 8. g4
Bg6 9. Bd2 Nf6 10. Qe2 h5 11. Rg1 Qd7 12. Ng5 hxg4 13. hxg4 Nd4 14. Qd1 Nxg4
15. Be3 Nf6 16. Nf3 Bh5 17. Rg3 Bxf3 18. Rxf3 Rh1+ 19. Kd2 Rxd1+ 20. Kxd1 Nxf3
21. a3 Bxc3 22. bxc3 O-O-O 23. Bxa7 Rh8 24. Ke2 Ng5 25. Rb1 Qg4+ 26. Ke3 Qf3+
27. Kd2 Ngxe4+ 28. dxe4 Nxe4+ 29. Kc1 Rh1+ 30. Kb2 Rxb1+ 31. Kxb1 Qxc3 32. Be3
Qxc4 33. Kc1 Nxf2 34. Bxf2 Qf1+ 35. Kb2 Qxf2 36. a4 g5 37. Kb3 g4 38. Kb4 g3
39. a5 g2 40. c3 g1=Q 0-1

[Event "SF Heilbronn-Biberach-SG Porz"]
[Site "?"]
[Date "2010.12.28"]
[Round "3.4"]
[White "Graf, Janine"]
[Black "Siegel, Aurelia"]
[Result "1/2-1/2"]
[WhiteElo "756"]
[BlackElo "800"]
[PlyCount "88"]
[EventDate "2010.??.??"]
[WhiteTeam "SF Heilbronn-Biberach"]
[BlackTeam "SG Porz"]

1. e4 e5 2. Nf3 Nc6 3. Nc3 Nf6 4. Bb5 d5 5. Qe2 Bb4 6. d3 d4 7. Rb1 dxc3 8. O-O
O-O 9. Bg5 cxb2 10. Rxb2 Nd4 11. Qe3 Bc5 12. Nxe5 h6 13. Bh4 c6 14. Bc4 Be6 15.
c3 Bxc4 16. Bxf6 Qxf6 17. cxd4 Ba3 18. Nd7 Qe7 19. Rxb7 Rfd8 20. Nc5 Qf6 21.
dxc4 Bxc5 22. dxc5 Rd4 23. Rfb1 Rad8 24. g3 Rd3 25. Qe2 Rd2 26. Qe3 R8d3 27. e5
Qf5 28. Qe1 Rxa2 29. Rc7 Qe6 30. Qe4 Rad2 31. Rb8+ Rd8 32. Rxd8+ Rxd8 33. Kg2
Rc8 34. Rxa7 f5 35. Qd4 Re8 36. f4 g5 37. h3 gxf4 38. Qxf4 Qxe5 39. Qxe5 Rxe5
40. Ra6 Rxc5 41. Ra4 Kg7 42. Kf3 h5 43. Kf4 Kg6 44. Rb4 Kf6 1/2-1/2

[Event "SC Uttenreuth-SF Paderborn 2000"]
[Site "?"]
[Date "2010.12.28"]
[Round "3.1"]
[White "Höschen, Franziska"]
[Black "Braun, Kristin"]
[Result "0-1"]
[WhiteElo "1306"]
[BlackElo "1447"]
[PlyCount "106"]
[EventDate "2010.??.??"]
[WhiteTeam "SF Paderborn 2000"]
[BlackTeam "SC Uttenreuth"]

1. e4 d5 2. exd5 Nf6 3. Bc4 Nxd5 4. d3 Nc6 5. Ne2 e5 6. Nbc3 Bb4 7. Bd2 Be6 8.
Ne4 Bxd2+ 9. Qxd2 O-O 10. O-O Re8 11. Rad1 Qd7 12. Nc5 Qc8 13. Nxe6 Qxe6 14.
Nc3 Nce7 15. Rfe1 c6 16. d4 Ng6 17. dxe5 Nxe5 18. Bxd5 cxd5 19. Qxd5 Qxd5 20.
Rxd5 Nf3+ 21. gxf3 Rxe1+ 22. Kg2 h6 23. Ne4 b6 24. Rd7 Rb1 25. b3 Rb2 26. c4
Rxa2 27. b4 Ra4 28. c5 bxc5 29. bxc5 Rc8 30. Kg3 f5 31. Nc3 Rc4 32. Ne2 a5 33.
Ra7 R8xc5 34. Nf4 Rc1 35. h3 Rb5 36. Ne2 Ra1 37. Nd4 Rd5 38. Nb3 Ra3 39. Nxa5
Rdxa5 40. Rxa5 Rxa5 41. Kf4 Kf7 42. Ke3 Kf6 43. Kf4 g5+ 44. Kg3 Ra4 45. Kh2 Ke5
46. Kg3 h5 47. Kh2 Kf4 48. Kg2 Ra3 49. Kf1 Kxf3 50. Kg1 h4 51. Kh1 Kxf2 52. Kh2
Rb3 53. Kh1 Rxh3# 0-1

[Event "SC Uttenreuth-SF Paderborn 2000"]
[Site "?"]
[Date "2010.12.28"]
[Round "3.2"]
[White "Michalowski, Melina"]
[Black "Bürger, Jessica"]
[Result "0-1"]
[WhiteElo "1109"]
[BlackElo "1318"]
[PlyCount "158"]
[EventDate "2010.??.??"]
[WhiteTeam "SC Uttenreuth"]
[BlackTeam "SF Paderborn 2000"]

1. d4 d5 2. c4 c6 3. Nc3 Nf6 4. Bf4 e6 5. Nf3 Bd6 6. Bxd6 Qxd6 7. e3 O-O 8.
cxd5 cxd5 9. Rc1 Nc6 10. g3 a6 11. Bg2 Re8 12. O-O e5 13. Nxe5 Nxe5 14. dxe5
Rxe5 15. Qd4 Rh5 16. Rcd1 Be6 17. Rfe1 Qe5 18. e4 Qxd4 19. Rxd4 dxe4 20. Nxe4
Ng4 21. h3 Ne5 22. Kh2 Bxh3 23. Kg1 Bxg2 24. Kxg2 Rh6 25. Red1 Kf8 26. Rd8+
Rxd8 27. Rxd8+ Ke7 28. Rb8 Kd7 29. Rxb7+ Kc6 30. Rb3 f5 31. Nc3 g5 32. Ne2 g4
33. Nf4 Nf3 34. Rd3 Ne1+ 35. Kg1 Nxd3 36. Nxd3 Rd6 37. Nb4+ Kc5 38. a3 h5 39.
Kg2 a5 40. Nc2 Rf6 41. f3 f4 42. gxf4 Rxf4 43. fxg4 Rxg4+ 44. Kh3 Re4 45. b4+
axb4 46. axb4+ Kb5 47. Kg3 Ka4 48. Kf3 Rc4 49. Ne3 Rxb4 50. Ng2 Kb5 51. Kg3
Rb3+ 52. Kh4 Rb2 53. Kg3 Kc5 54. Nh4 Rb4 55. Ng2 Kd6 56. Kh3 Ke5 57. Kg3 Rg4+
58. Kh3 Ke4 59. Ne1 Ke3 60. Ng2+ Kf2 61. Nh4 Rg8 62. Kh2 Rg3 63. Nf5 Rg2+ 64.
Kh3 Kg1 65. Nh4 Rg8 66. Nf3+ Kf2 67. Nh4 Ke3 68. Nf5+ Kf4 69. Nd4 h4 70. Ne2+
Ke3 71. Nc3 Kf3 72. Nd1 Rg1 73. Nf2 Kxf2 74. Kxh4 Kf3 75. Kh5 Kf4 76. Kh6 Kf5
77. Kh7 Kf6 78. Kh8 Kf7 79. Kh7 Rh1# 0-1

[Event "SC Uttenreuth-SF Paderborn 2000"]
[Site "?"]
[Date "2010.12.28"]
[Round "3.3"]
[White "Schrödter, Lisa"]
[Black "Michalowski, Sophia"]
[Result "0-1"]
[WhiteElo "1132"]
[BlackElo "997"]
[PlyCount "90"]
[EventDate "2010.??.??"]
[WhiteTeam "SF Paderborn 2000"]
[BlackTeam "SC Uttenreuth"]

1. e4 {[%emt 0:00:00]} d5 2. Nc3 d4 3. Nce2 e5 4. Nf3 Nc6 5. d3 Be7 6. Ng3 Bg4
7. Be2 Bb4+ 8. Bd2 Bxd2+ 9. Qxd2 Nge7 10. Qg5 Bxf3 11. Bxf3 Ng6 12. Qd2 Nh4 13.
Qe2 Nb4 14. O-O-O Nxa2+ 15. Kb1 Nb4 16. Rhg1 a5 17. c3 dxc3 18. bxc3 Nc6 19.
Kc2 Qd6 20. Rb1 b6 21. Rgc1 Qc5 22. Kd1 a4 23. Ke1 a3 24. Ra1 Qa5 25. Rc2 Nd4
26. Qd1 Nxc2+ 27. Qxc2 Nxf3+ 28. gxf3 O-O 29. Ne2 c5 30. Kf1 b5 31. Qb3 b4 32.
d4 exd4 33. cxd4 cxd4 34. Nxd4 Qa6+ 35. Kg2 Rfb8 36. Nc2 Qf6 37. Ra2 Qg5+ 38.
Kf1 Qb5+ 39. Ke1 Rd8 40. f4 Qb6 41. e5 h6 42. f5 Qb7 43. f6 Qe4+ 44. Kf1 Rd1+
45. Ne1 Rxe1# 0-1

[Event "SC Uttenreuth-SF Paderborn 2000"]
[Site "?"]
[Date "2010.12.28"]
[Round "3.4"]
[White "Meyer, Franziska"]
[Black "Thölke, Nina"]
[Result "0-1"]
[WhiteElo "849"]
[BlackElo "1054"]
[PlyCount "104"]
[EventDate "2010.??.??"]
[WhiteTeam "SC Uttenreuth"]
[BlackTeam "SF Paderborn 2000"]

1. d4 d5 2. e3 Nc6 3. Bd3 Nb4 4. Bb5+ Bd7 5. Bxd7+ Qxd7 6. c3 Nc6 7. f4 e6 8.
Nf3 O-O-O 9. Qa4 Nce7 10. Qxa7 c6 11. Ne5 Qc7 12. Nxf7 Nf5 13. Nxh8 b6 14. Qa8+
Kd7 15. Qa4 b5 16. Qc2 c5 17. Na3 b4 18. Nb5 Qb6 19. Qa4 Nh4 20. O-O cxd4 21.
Nf7 Rb8 22. Ne5+ Kc8 23. Na7+ Kc7 24. Nd7 Qb7 25. Nxb8 Kxb8 26. Qe8+ Kxa7 27.
Qxf8 Nf6 28. Qc5+ Qb6 29. Qe7+ Qb7 30. Qxe6 dxc3 31. bxc3 bxc3 32. Rb1 Qxb1 33.
Ba3 Qxa2 34. Bc5+ Kb7 35. Qb6+ Kc8 36. Rf2 c2 37. Qc6+ Kd8 38. Bb6+ Ke7 39.
Rxc2 Qb1+ 40. Kf2 Ne4+ 41. Ke2 Nxg2 42. Bc5+ Nxc5 43. Rxc5 Qe1+ 44. Kd3 Qxe3+
45. Kc2 Ne1+ 46. Kb2 Nd3+ 47. Kc2 Nxc5 48. Qb6 Qd3+ 49. Kb2 Na4+ 50. Ka1 Nxb6
51. Kb2 d4 52. Kc1 Qe2 0-1